00817nam a2200205 a 450000100100000000500170001000800410002702000150006804000250008308200130010810000460012124500720016726000380023930000210027749000510029850000760034983000580042595201110048399900170059400004244920201002040150.0131203s1975 sp 000 0 spa d a8432302058 aDO-SdBNPbspacBNPHU axxxbxxx1 aFernández Clemente, Eloy,d1942-96960910aAragón Contemporáneo :b1833-1936 /cEloy Fernández Clemente. aMadrid :bSiglo Veintiuno,c1975. a202 p. ;c18 cm.1 aEstudios de historia contemporánea siglo xxi aIncluye datos biográficos del autor en la solapa de la contracubierta 0aEstudios de historia contemporánea siglo xxi969610 001050718MOaGRbGRcCTd2013-12-03iLF1l0oxxx xxxp42449-10r2020-06-25w2020-06-25y1ZNo se presta c41938d41938